UM Logo

Front desk operation / (Record no. 17644)

MARC details
000 -LEADER
fixed length control field 00668nam a2200181 4500
008 - FIXED-LENGTH DATA ELEMENTS--GENERAL INFORMATION
fixed length control field 221119b ||||| |||| 00| 0 eng d
020 ## - INTERNATIONAL STANDARD BOOK NUMBER
International Standard Book Number 9786218179882
082 ## - DEWEY DECIMAL CLASSIFICATION NUMBER
Edition number 2022
Classification number DFil 647.94068
Item number P212
100 ## - MAIN ENTRY--PERSONAL NAME
Personal name Paraiso, Mark Angelo Q.
9 (RLIN) 46863
245 ## - TITLE STATEMENT
Title Front desk operation /
Statement of responsibility, etc. Mark Angelo Q. Paraiso and Angelie Marie L. Vizconde.
260 ## - PUBLICATION, DISTRIBUTION, ETC. (IMPRINT)
Place of publication, distribution, etc. Manila :
Name of publisher, distributor, etc. Edric Publishing House,
Date of publication, distribution, etc. ©2022.
300 ## - PHYSICAL DESCRIPTION
Extent 91 pages :
Other physical details illustrations ;
Dimensions 25 cm.
500 ## - GENERAL NOTE
General note Includes bibliographical references.<br/>
650 ## - SUBJECT ADDED ENTRY--TOPICAL TERM
Topical term or geographic name as entry element Hotel front desk personnel.
9 (RLIN) 43875
650 ## - SUBJECT ADDED ENTRY--TOPICAL TERM
Topical term or geographic name as entry element Hotel management.
9 (RLIN) 46864
700 ## - ADDED ENTRY--PERSONAL NAME
Personal name Vizconde, Angelie Marie L.,
Relator term author.
9 (RLIN) 46805
942 ## - ADDED ENTRY ELEMENTS (KOHA)
Source of classification or shelving scheme Dewey Decimal Classification
Koha item type Filipiniana
Holdings
Withdrawn status Lost status Source of classification or shelving scheme Damaged status Not for loan Collection code Home library Current library Shelving location Date acquired Source of acquisition Cost, normal purchase price Total Checkouts Full call number Barcode Date last seen Date last checked out Price effective from Koha item type
    Dewey Decimal Classification     Filipiniana UM Digos College - LIC UM Digos College - LIC Book Cart 08/16/2022 Purchased 776.00 5 DFil 647.94068 P212 2022 27124 03/13/2026 03/06/2026 11/19/2022 Filipiniana